| 000 | 00468cam a2200181ua 4500 | ||
|---|---|---|---|
| 020 | _c90.00 | ||
| 041 |
_aeng _h |
||
| 082 |
_a361.3 _bFRI/CO |
||
| 100 | _aFriedlander, Walter A . | ||
| 245 |
_aConcepts and methods of social work / _cWalter A Friedlander. _hTextual Documents |
||
| 260 |
_aNew Jersey : _bPrentice Hall Inc , _c1960. |
||
| 300 | _a308 ; . | ||
| 365 | _a90.00 | ||
| 504 | _a | ||
| 942 | _cBK | ||
| 999 |
_c10439 _d10439 |
||